Republiki Rad - Statystyki

Ogólne statystyki
  • Ten quiz został rozwiązany 4 razy
  • Średni wynik to 9 z 12
Statystyki odpowiedzi
Obrazkowy Hint Odpowiedź % Poprawnych
1931 - 1939 Chińska Republika Rad
100%
27.02.1919 - 01.09.1919 Litewsko - Białoruska Republika Rad
100%
Nie Powstało Polska Socjalistyczna Republika Rad
100%
16.06.1919 - 07.07.1919 Słowacka Republika Rad
100%
25.12.1917 - 20.03.1918 Ukraińska Ludowa Republika Rad
100%
21.03.1919 - 01.08.1919 Węgierska Republika Rad
100%
10.11.1918 - 22.11.1918 Alzacka Republika Rad
67%
06.04.1919 - 3.05.1919 Bawarska Republika Rad
67%
13.11.1918 - 1919 Saksońska Republika Rad
67%
10.01.1919 - 04.02.1919 Bremska Republika Rad
33%
15.07.1920 - 21.09.1920 Galicyjska Socjalistyczna Republika Rad
33%
07.04.1919 - 09.04.1919 Würzburska Republika Rad
33%
Nie znaleziono quizów pasujących do podanych kryteriów
Rozkład punktacji
Procent ludzi z każdym wynikiem
Percentyl według liczby udzielonych odpowiedzi
Twoja historia wyników
Nie rozwiązałeś tego quizu